Fundamentals of classical thermodynamics (Record no. 14470)

000 -LEADER
fixed length control field 00490nam a22001937a 4500
001 - CONTROL NUMBER
control field 14470
003 - CONTROL NUMBER IDENTIFIER
control field BD-DhUET
008 - FIXED-LENGTH DATA ELEMENTS--GENERAL INFORMATION
fixed length control field 150308b xxu||||| |||| 00| 0 eng d
040 ## - CATALOGING SOURCE
Transcribing agency 0
Modifying agency BD-DhUET
082 ## - DEWEY DECIMAL CLASSIFICATION NUMBER
Classification number 536.7
Item number VAN/1985
100 ## - MAIN ENTRY--PERSONAL NAME
Personal name Van Wylen, Gordon J.
245 ## - TITLE STATEMENT
Title Fundamentals of classical thermodynamics
250 ## - EDITION STATEMENT
Edition statement 3rd ed.
260 ## - PUBLICATION, DISTRIBUTION, ETC. (IMPRINT)
Place of publication, distribution, etc. New York
Name of publisher, distributor, etc. John Wiley & Sons
Date of publication, distribution, etc. 1985
300 ## - PHYSICAL DESCRIPTION
Extent xiv, 722 p.
650 #0 - SUBJECT ADDED ENTRY--TOPICAL TERM
Topical term or geographic name as entry element Thermodynamics
700 ## - ADDED ENTRY--PERSONAL NAME
Personal name Sonntag, Richard E.
942 ## - ADDED ENTRY ELEMENTS (KOHA)
Koha item type General Book
Holdings
Source of classification or shelving scheme Koha date last seen Location (home branch) Not for loan Copy number Lost status Piece designation (barcode) Koha full call number Shelving location Date acquired Koha item type Price effective from Koha normalized classification for sorting Withdrawn status Sublocation or collection (holding branch) Koha issues (times borrowed) Koha date last borrowed Damaged status
 2025-06-23Central Library, BUET 1 68588536.7/VAN/1985Circulation section2015-03-08General Book2015-03-08536_700000000000000_VAN_1985 Central Library, BUET22025-05-26 
 2023-05-08Central Library, BUET 2 68590536.7/VAN/1985Circulation section2015-03-10General Book2015-03-10536_700000000000000_VAN_1985 Central Library, BUET42023-04-30 
 2023-12-11Central Library, BUET 3 68592536.7/VAN/1985Circulation section2015-03-10General Book2015-03-10536_700000000000000_VAN_1985 Central Library, BUET22023-12-02 
 2024-02-18Central Library, BUET 4 68589536.7/VAN/1985Circulation section2015-03-16General Book2015-03-16536_700000000000000_VAN_1985 Central Library, BUET22023-12-02